[Event "GM Clarion Congress Hotel 2020"]
[Site "Ceske Budejovice"]
[Date "2020.07.08"]
[Round "8.3"]
[White "Malinovsky, Karel"]
[Black "Yankelevich, Lev"]
[Result "1-0"]
[WhiteElo "2459"]
[BlackElo "2461"]
[Annotator "TA"]
[PlyCount "87"]
[EventDate "2020.07.01"]
[EventType "tourn"]
[EventCountry "CZE"]
[SourceTitle "playchess.com"]
[Source "ChessBase"]
[SourceQuality "1"]

{[%evp 24,87,29,0,0,0,0,0,0,0,0,0,0,0,0,-33,0,0,93,80,170,165,273,260,295,213,714,716,713,709,711,713,704,700,820,768,1692,1660,1780,1674,1669,534,1670,1668,1432,0,0,0,1393,1358,1377,254,226,0,1339,1244,1165,818,735,397,29980,29981,29981,29979,29988,29989]} 1. e4 e5 2. Nf3 Nc6 3. Bb5 a6 4. Ba4 Nf6 5. O-O Be7 6. Re1 b5 7. Bb3 d6 8. c3 O-O 9. h3 Nb8 10. d4 Nbd7 11. Nbd2 Bb7 12. Bc2 c5 13. Nf1 cxd4 {C95: Closed Ruy Lopez: Breyer Variation with 10 d4.} 14. cxd4 exd4 15. Nxd4 Re8 {The position is equal.} 16. Ng3 Bf8 17. Bf4 Nc5 {[%cal Rf6e4] was the old line (17...g6).} 18. f3 g6 19. Qd2 (19. b4 $5 {[%cal Rb4c5]}) 19... Qb6 {[#]} 20. Kh2 $146 ({Predecessor:} 20. Kh1 Nfd7 21. Rad1 Ne5 22. b3 Ne6 23. Be3 Nxd4 24. Bxd4 Qd8 25. Be3 Rc8 26. Bb1 {½-½ (44) Lipnowski,I (2380)-Kaptsan,A (2220) Winnipeg 1995}) 20... h5 (20... Rac8 $11) 21. Rad1 Kh7 (21... Rac8 $16) 22. Bg5 Bg7 (22... Ncd7 {is a better defense.} 23. Qf4 Kg8) 23. Ndf5 $1 $18 gxf5 24. Nxf5 Ng8 $2 (24... Re6 25. Nxg7 Kxg7) 25. Nxg7 Kxg7 {[#]} 26. Bh6+ $1 {[%mdl 512]} Kh8 {[#]} (26... Nxh6 27. Qg5+) 27. Qg5 $1 {[%csl Gh6][%cal Rg5g7]} Ne6 28. Qxh5 Nf6 29. Qh4 {Black must now prevent Be3+.} Nh7 30. e5 Qd8 {[#]} 31. Bg7+ $1 {[%mdl 576] Decoy} Kxg7 (31... Nxg7 32. Qxh7#) 32. Qxh7+ Kf8 {intending ...Qg5.} 33. Qh6+ Ke7 34. Qf6+ $2 $40 {[%mdl 128] White is up to no good.} ({Better is} 34. Bf5 $18 Kd7 35. Rxd6+ Kc7 36. Rc1+ Kb8 37. Rxd8+ Rxd8 38. Qf6) 34... Kf8 $11 35. Qh6+ $2 {[%mdl 8192]} (35. Qh8+ $11 Ke7 36. Qf6+ Kd7 37. Rxd6+ Kc7 38. Rxd8 Raxd8 39. Qxf7+ Kb8 40. Rd1) 35... Ke7 $1 $18 {Black hopes to continue with ...d5.} 36. Bf5 {Threatening mate with Bxe6.} Bc8 37. Qf6+ $2 (37. Rxd6 {White wants to mate with Bxe6.} Qc7 38. Rc1 Qxc1 39. Qxc1) 37... Kf8 {Black wants to play ...Qxf6.} 38. Qh6+ $2 (38. Rxd6 Qxf6 39. exf6 Nc7 $11) (38. Re4 Qxf6 39. exf6) 38... Ke7 $1 {Now ...d5 and Black clings on.} 39. exd6+ Kd7 40. Qg7 Kc6 41. Qc3+ Kd7 $2 (41... Kb7 $18 42. Be4+ Kb8) 42. Be4 {[%csl Gc3][%cal Re4c6] White mates.} Qb6 43. Bxa8 Rg8 44. Qf6 {Accuracy: White = 74%, Black = 57%.} 1-0

[Event "GM Clarion Congress Hotel 2020"]
[Site "Ceske Budejovice"]
[Date "2020.07.08"]
[Round "8.4"]
[White "Kraus, Tomas"]
[Black "Cernousek, Lukas"]
[Result "1/2-1/2"]
[WhiteElo "2449"]
[BlackElo "2458"]
[Annotator "TA"]
[PlyCount "66"]
[EventDate "2020.07.01"]
[EventType "tourn"]
[EventCountry "CZE"]
[SourceTitle "playchess.com"]
[Source "ChessBase"]
[SourceQuality "1"]

{[%evp 9,66,50,56,36,50,52,30,23,40,39,60,32,31,43,51,17,35,20,48,0,0,0,0,0,0,-25,-4,-5,0,-12,0,-4,0,0,0,0,0,0,0,0,0,-4,0,0,0,0,0,0,0,0,0,-10,-8,-21,0,0,0,-56,-62]} 1. e4 d6 2. d4 Nf6 3. f3 c5 4. dxc5 Qa5+ 5. Nc3 Qxc5 6. Qd3 {B07: Pirc Defence: Miscellaneous Systems.} Nc6 7. Be3 Qa5 8. Qb5 {[#] Threatens to win with Qxa5.White has an edge.} Qd8 $146 ({Predecessor:} 8... Qc7 9. Nd5 Qb8 10. O-O-O Nd7 11. Ne2 e6 12. Nb4 Qc7 13. Qc4 d5 14. Nxd5 exd5 15. exd5 {1-0 (48) Sjodahl,P (2421)-Hillarp Persson,T (2544) Malmo 2014}) 9. O-O-O a6 10. Qb6 (10. Qe2 {looks sharper.} b5 11. Kb1 e6 12. g4 Nd7 13. g5) 10... Qxb6 11. Bxb6 Nd7 12. Be3 e6 13. Nge2 Be7 14. Na4 b5 15. Nb6 Nxb6 16. Bxb6 Bb7 17. Nd4 Nxd4 (17... Ne5 {feels hotter.} 18. Nb3 Rc8 19. Na5 Ba8 20. a4 O-O) 18. Bxd4 O-O 19. Bd3 Rfc8 20. Kb1 b4 21. b3 a5 22. Bc4 Kf8 23. Rhe1 Ba6 24. Bxa6 Rxa6 25. Re2 h5 26. f4 Bf6 27. Bxf6 gxf6 $11 {[%mdl 4096] Endgame KRR-KRR} 28. Rd3 Rc5 29. Rh3 Ke7 30. Kc1 Ra8 31. Kd1 a4 32. Kc1 axb3 33. Rxb3 (33. axb3 $11 Ra1+ 34. Kd2) 33... Rxa2 {Accuracy: White = 83%, Black = 96%.} 1/2-1/2

[Event "GM Clarion Congress Hotel 2020"]
[Site "Ceske Budejovice"]
[Date "2020.07.08"]
[Round "8.5"]
[White "Michalik, Peter"]
[Black "Horvath, Dominik"]
[Result "1-0"]
[WhiteElo "2585"]
[BlackElo "2446"]
[Annotator "TA"]
[PlyCount "87"]
[EventDate "2020.07.01"]
[EventType "tourn"]
[EventCountry "CZE"]
[SourceTitle "playchess.com"]
[Source "ChessBase"]
[SourceQuality "1"]

{[%evp 12,87,15,23,28,0,0,0,6,7,0,-11,-1,-17,-11,-20,-11,-39,-20,-24,-24,-25,0,0,0,0,0,-7,-7,0,0,0,27,-38,-39,-39,-40,-43,65,20,20,20,18,9,9,3,3,0,0,0,0,0,3,7,19,0,293,315,316,245,2642,2711,648,357,1418,1704,837,792,2312,1371,12834,12835,12834,12835,12836,12833,1622,1403]} 1. d4 d5 2. Nf3 Nf6 3. g3 e6 4. Bg2 Be7 5. c4 O-O 6. Nc3 c6 7. O-O a5 {E06: Closed Catalan: Early deviations.} 8. Ne5 Nfd7 9. Nxd7 Nxd7 {The position is equal.} 10. b3 {[#]} b6 $146 {[%cal Bb7b6,Bb6b5,Bb5b4][%mdl 32]} ({Predecessor:} 10... Re8 11. Bb2 Rb8 12. e4 dxe4 13. Nxe4 Nf6 14. Qc2 Bd7 15. Rad1 h6 16. Rfe1 Nxe4 17. Rxe4 {1-0 (68) Shemeakin,A (2275)-Sergeeva,N (2077) St Petersburg 2015}) 11. Bb2 Ba6 12. Rc1 b5 13. c5 b4 14. Nb1 Bb5 15. Nd2 a4 16. Nf3 axb3 17. axb3 Ra2 18. Rc2 Bf6 19. Qd2 Qa5 20. g4 Bd8 21. g5 Qc7 22. Ra1 (22. Qxb4 $11 Qb7 23. Qc3) 22... Rxa1+ $1 $15 23. Bxa1 f6 24. Ra2 e5 ({Black should try} 24... fxg5 $15 25. Bh3 Kh8) 25. gxf6 (25. dxe5 {seems wilder.} fxe5 26. Qxb4 e4 27. Qc3 Nxc5 28. Nd4) 25... Bxf6 26. dxe5 ({But not} 26. Qxb4 e4 $17) 26... Nxe5 27. Bxe5 Bxe5 28. Qxb4 Bf6 29. Nd4 {Strongly threatening Ne6.} Qf4 30. e3 $36 {[%mdl 2048] White fights for an advantage.} Qg4 31. Qd2 Bxd4 $1 32. Qxd4 {[#]} Qg6 $1 {[%mdl 512] ( -> ...Qb1+!)} 33. Ra1 Qc2 $2 {[%mdl 8192]} (33... h6 $11 {and Black has nothing to worry.}) 34. e4 $18 dxe4 35. Bxe4 Qxb3 $2 (35... Qe2 36. f3 Rb8) 36. Ra7 {[%csl Ga7][%cal Rd4g7]} Rf7 37. Ra8+ Rf8 {[#]} 38. Bxh7+ $1 {[%mdl 576] Deflection. White is clearly winning.} Kxh7 39. Rxf8 {KQR-KQB} Qb1+ 40. Kg2 {White threatens Qh4+ and mate.} Qg6+ 41. Kf3 Qh5+ 42. Kg3 Qg5+ 43. Qg4 Qe5+ 44. Qf4 {Accuracy: White = 86%, Black = 70%.} 1-0

[Event "GM Clarion Congress Hotel 2020"]
[Site "Ceske Budejovice"]
[Date "2020.07.09"]
[Round "9.1"]
[White "Horvath, Dominik"]
[Black "Stefansson, Hannes"]
[Result "1/2-1/2"]
[WhiteElo "2446"]
[BlackElo "2542"]
[Annotator "TA"]
[PlyCount "91"]
[EventDate "2020.07.01"]
[EventType "tourn"]
[EventCountry "CZE"]
[SourceTitle "playchess.com"]
[Source "ChessBase"]
[SourceQuality "1"]

{[%evp 12,91,30,10,29,19,17,17,25,10,17,17,48,50,47,45,48,59,49,58,58,43,46,46,51,36,33,26,35,20,23,17,29,11,0,17,33,23,30,20,33,19,40,33,41,36,55,43,70,62,73,55,57,65,74,63,67,47,45,47,34,39,41,49,123,116,123,113,102,0,0,0,0,0,7,14,6,0,4,0,13,0]} 1. e4 e5 2. Bc4 Nf6 3. d3 c6 4. Nf3 d5 5. Bb3 Bb4+ 6. Bd2 Bxd2+ 7. Nbxd2 Qc7 {C24: Bishop's Opening: 2...Nf6.} 8. O-O O-O 9. Re1 Nbd7 10. d4 exd4 11. exd5 Nxd5 12. Bxd5 cxd5 13. Nxd4 Nf6 {[#]} 14. c3 $146 ({Predecessor:} 14. h3 Bd7 15. c3 Rfe8 16. Qf3 Qb6 17. b3 Rac8 18. a4 a5 19. Rac1 Qc5 20. Rxe8+ Rxe8 {½-½ (36) Beshukov,S (2461)-Raetsky,A (2420) Sochi 2007}) 14... Bd7 15. Nf1 Rfe8 16. Qb3 a6 17. Ne3 Bc6 18. a4 a5 19. Qa3 g6 20. Qb3 Re4 21. f3 Re7 22. Qc2 Rae8 23. Qf2 Nh5 24. g3 Nf6 25. Nec2 Nd7 26. b3 Nf6 27. Rxe7 Rxe7 28. Re1 Rxe1+ 29. Qxe1 Kg7 30. Qe3 Bd7 31. Kf2 Qd6 32. Ne1 Qb8 33. Nd3 Qc7 34. Qe5 (34. Nf4 {with more complications.} h6 35. h4 Qd6 36. Nd3 b6 37. Qe5) 34... Qxe5 35. Nxe5 $14 {[%mdl 4096] Endgame KBN-KNN} Kf8 36. Ke3 Ke7 37. Nc2 Be8 {[#]} (37... b6 $14) 38. Kd4 $1 $16 Ke6 39. Nd3 {Strongly threatening Nc5+.} Kd6 40. Ne5 ({White should try} 40. Ne3 $16) 40... Ng8 {The position is equal.} 41. c4 f6 42. c5+ Kc7 43. Nd3 Ne7 44. Kc3 g5 45. Nd4 Bg6 46. Ne6+ {Accuracy: White = 97%, Black = 93%.} 1/2-1/2

[Event "GM Clarion Congress Hotel 2020"]
[Site "Ceske Budejovice"]
[Date "2020.07.09"]
[Round "9.3"]
[White "Yankelevich, Lev"]
[Black "Kraus, Tomas"]
[Result "1/2-1/2"]
[WhiteElo "2461"]
[BlackElo "2449"]
[Annotator "TA"]
[PlyCount "51"]
[EventDate "2020.07.01"]
[EventType "tourn"]
[EventCountry "CZE"]
[SourceTitle "playchess.com"]
[Source "ChessBase"]
[SourceQuality "1"]

{[%evp 9,51,29,29,27,29,27,24,23,31,27,19,25,29,16,40,36,40,36,47,55,73,79,98,108,86,97,130,153,167,10,8,18,12,0,14,12,12,7,7,7,12,11,16,11]} 1. d4 d5 2. c4 e6 3. Nf3 a6 4. cxd5 exd5 5. Nc3 c6 6. Qb3 {D31: Queen's Gambit Declined: Semi-Slav without ...Nf6 (+ Marshall Gambit and Noteboom) and Exchange Variation lines without ...Nf6.} Nf6 7. Bg5 Be7 8. e3 {White has an edge.} Nbd7 9. Bd3 O-O 10. O-O Re8 11. h3 Nh5 12. Bxe7 {[#]} Qxe7 $146 ({Predecessor:} 12... Rxe7 13. Rad1 Nhf6 14. Qc2 Nf8 15. b4 Qd6 16. Rb1 Ng6 17. Rfe1 Bd7 18. Na4 Rae8 {0-1 (67) Ivanisevic,I (2633)-Drazic,S (2415) Skopje 2014}) 13. Rfe1 $36 {[%mdl 2048] aiming for e4. White is pushing.} Nf8 14. e4 dxe4 15. Bxe4 Be6 16. d5 cxd5 17. Nxd5 Qc5 18. Rac1 Qa5 19. Qb6 $2 {[#]} ({White has to play} 19. Qxb7 $18 {Black must now prevent Qc7.} f5 20. b4 Qxa2 21. Nc3) 19... Qxb6 $11 {The position is equal.} 20. Nxb6 Rab8 21. a4 Nd7 22. Nxd7 Bxd7 23. Rc7 Nf6 24. Bxb7 {With the idea Rxe8+.} Rxe1+ 25. Nxe1 Bxa4 26. Bxa6 {Accuracy: White = 86%, Black = 92%.} 1/2-1/2

[Event "GM Clarion Congress Hotel 2020"]
[Site "Ceske Budejovice"]
[Date "2020.07.09"]
[Round "9.4"]
[White "Mihok, Oliver"]
[Black "Malinovsky, Karel"]
[Result "1/2-1/2"]
[WhiteElo "2552"]
[BlackElo "2459"]
[Annotator "TA"]
[PlyCount "77"]
[EventDate "2020.07.01"]
[EventType "tourn"]
[EventCountry "CZE"]
[SourceTitle "playchess.com"]
[Source "ChessBase"]
[SourceQuality "1"]

{[%evp 14,77,8,-5,0,1,22,18,22,9,21,24,15,0,0,0,0,0,0,0,0,0,0,-30,-23,-19,-21,-24,-28,-28,0,0,0,0,0,0,0,0,8,11,11,15,11,11,36,33,18,0,0,0,6,0,0,0,0,0,0,0,0,0,0,0,0,0,0,0]} 1. e4 e5 2. Nf3 Nc6 3. Nc3 Nf6 4. d4 exd4 5. Nxd4 Bb4 6. Nxc6 bxc6 7. Bd3 d5 8. exd5 O-O {C47: Scotch Four Knights and Four Knights with 4 g3.} 9. O-O Bg4 10. f3 Bh5 $1 11. Bg5 (11. dxc6 {with more complications.} Qd4+ 12. Kh1 Bxc3 13. bxc3 Qxc3 14. Bf4) 11... Qd6 12. Bxf6 Qxf6 {[#]} 13. dxc6 $146 ({Predecessor:} 13. Ne4 Qxb2 14. dxc6 Bg6 15. Kh1 Qd4 16. Qe2 Rfe8 17. Rad1 Qe5 18. Bc4 Rad8 19. Rd7 Rxd7 20. cxd7 {1-0 (30) Yu,Y (2738)-Mamedyarov,S (2774) Stavanger 2019}) 13... Bxc3 14. bxc3 Qxc3 15. Be4 Qc5+ 16. Kh1 Rad8 17. Qe2 Bg6 18. Rad1 Rde8 19. Rd7 Bxe4 20. fxe4 Qxc6 {[%mdl 64] [#] Double Attack} 21. Qd3 g6 22. Qd5 {[%cal Rf1f7]} Re6 23. h3 Rf6 24. Rf3 Qxd5 25. exd5 $11 {[%mdl 4096] Endgame KRR-KRR} Rd6 26. Rxc7 {[#] Strongly threatening c4.} Rxd5 27. Rxa7 Rc5 28. c3 f5 29. Re3 {Ree7 is the strong threat.} Rf7 $1 {[%cal Rf7a7]} 30. Rxf7 {The position is equal.} (30. Ra8+ {is interesting.} Rf8 31. Ra6 Rfc8 32. Re7 R5c7 33. Rxc7 Rxc7 34. Ra3) 30... Kxf7 {KR-KR} 31. Kg1 f4 32. Rf3 g5 33. g3 Kg6 34. gxf4 gxf4 35. Rxf4 Rxc3 36. Kg2 Ra3 37. Rf2 Kg5 38. Rb2 h5 39. Rb5+ {Not much happened in this game. Accuracy: White = 96%, Black = 96%.} 1/2-1/2

[Event "GM Clarion Congress Hotel 2020"]
[Site "Ceske Budejovice"]
[Date "2020.07.09"]
[Round "9.5"]
[White "Mikes, Jan"]
[Black "Donchenko, Alexander"]
[Result "0-1"]
[WhiteElo "2373"]
[BlackElo "2646"]
[Annotator "TA"]
[PlyCount "84"]
[EventDate "2020.07.01"]
[EventType "tourn"]
[EventCountry "CZE"]
[SourceTitle "playchess.com"]
[Source "ChessBase"]
[SourceQuality "1"]

{[%evp 9,84,31,50,45,47,50,43,-10,0,-50,-35,-40,-33,-68,-27,-20,-38,-35,-26,-17,-23,-57,-45,-37,-33,-31,-42,-27,-39,-47,-68,-63,-64,-60,-45,-59,-65,-132,-127,-131,-128,-116,-104,-143,-135,-162,-149,-172,-159,-165,0,-247,-146,-144,-150,-170,-141,-164,-141,-197,-168,-161,-160,-170,-158,-226,-216,-297,-308,-306,-278,-427,-417,-421,-424,-500,-498]} 1. e4 c6 2. Nc3 d5 3. Nf3 dxe4 4. Nxe4 Nf6 5. Qe2 Bf5 6. Nxf6+ {B11: Caro-Kann: Two Knights Variation.} gxf6 7. d3 {[#]} c5 $146 ({Predecessor:} 7... Nd7 8. g3 e6 9. Bg2 h5 10. Nh4 Bh7 11. O-O Be7 12. Bd2 f5 13. Nf3 Bf6 {1-0 (32) Nepomniachtchi,I (2776)-Nakamura,H (2745) chess.com INT 2020}) 8. h3 (8. g3 $14) 8... Nc6 9. g4 Be6 10. Bg2 Qd7 11. c3 Rd8 12. Be3 h5 13. g5 Qxd3 14. Qxd3 Rxd3 15. Bf1 Rxe3+ (15... Rd7 {looks sharper.} 16. h4 Bd5 17. Rh3 fxg5 18. hxg5 e5) 16. fxe3 Bd5 17. Kf2 fxg5 18. Bg2 e6 19. Nd2 {[#] e4 is the strong threat.} Bxg2 $1 20. Kxg2 Ne5 21. Nf3 Nc4 22. Kf2 Rg8 23. b3 (23. Ke2 $15) 23... Nd6 $17 24. Nd2 Bg7 25. Rac1 Ke7 26. c4 f5 27. Kg2 Be5 28. Nf3 Bf6 29. Nd2 Be5 $2 ({Black should play} 29... h4 $19 30. Rcd1 g4) 30. b4 $2 (30. Nf3 $11 {and White is okay.} Bb2 31. Rc2) 30... Rc8 (30... cxb4 $19 31. c5 Nf7) 31. bxc5 Rxc5 32. Kf3 Kf6 33. Ke2 b6 34. Rhg1 (34. Rc2 $17) 34... Rc8 35. Rgd1 Bb2 36. Rc2 {[#]} Ba3 $1 37. Nf3 (37. Nb3 $17) 37... g4 $19 (37... Nxc4 38. Rd7 $17) 38. hxg4 hxg4 ({Much less strong is} 38... fxg4 39. Nd4 $19) 39. Nd2 Rh8 40. Nf1 (40. Rg1 $142) 40... Bc5 41. Ke1 Ne4 42. Rd7 Rh1 {Accuracy: White = 53%, Black = 82%.} 0-1